Contabilidad de costos para uso de la gerencia

Guardat en:
Dades bibliogràfiques
Autor principal: Li, David H (Autor)
Format: Llibre
Idioma:espanyol
Publicat: Ciudad de México Diana 1969
Matèries:
Etiquetes: Afegir etiqueta
Sense etiquetes, Sigues el primer a etiquetar aquest registre!

MARC

LEADER 00000nam a2200000 a 4500
001 UCQ0207
003 CL-VaPUC
008 980627e19690000MX |||||||||||||||||spa|d
082 0 4 |a 657.42  |b LID  |2 21 
100 0 |a Li, David H  |e author  |9 413280 
245 1 0 |a Contabilidad de costos para uso de la gerencia 
300 |a 742 p 
942 |c BK 
945 |d 19980627 00:00:00  |a cmena 
260 |a Ciudad de México  |b Diana  |c 1969 
650 0 |a Contabilidad de costos   |9 260564 
650 0 |a Costos   |9 261063 
650 0 |a Administración financiera  |9 261146 
650 0 |a Planificación estratégica   |9 259735 
650 7 |a PLANIFICACION Y CONTROL  |2 CL-VaPUC  |9 413281 
650 0 |a Recursos humanos   |9 228420 
650 0 |a Producción   |9 263680 
650 0 |a Capital   |9 263726 
650 0 |a Marketing  |9 259324 
583 |a last modification  |c 19980627 00:00:00  |k Rodrigo Vera 
999 |c 271346  |d 271344 
952 |0 0  |1 0  |4 0  |6 657_420000000000000_LID_1969  |7 0  |8 A  |9 305983  |a BIBGIM  |b BIBGIM  |d 2019-11-20  |i 1426079  |o 657.42 LID 1969  |p 1426079  |r 2025-01-15  |w 2019-11-20  |y BK  |k COM